| 000 | 00477nam a2200157 i 4500 | ||
|---|---|---|---|
| 001 | 50709 | ||
| 003 | ES-MaACL | ||
| 007 | t| | ||
| 008 | 030806s1954 it ||||1| ita d | ||
| 100 | 1 |
_aChaix-Ruy, Jules. _937807 |
|
| 245 | 1 | 0 |
_aErnesto RenĂ¡n / _cJules Chaix-Ruy ; [traduzione dal francese di Elvira Cassa Salvi]. |
| 260 |
_a[Brescia] : _bMorcelliana, _c1954. |
||
| 300 |
_a498 p. ; _c20 cm. |
||
| 700 | 1 |
_aCassa Salvi, Elvira. _936337 |
|
| 852 |
_aES-MaACL _jC-9673 _bR.38013 |
||
| 999 |
_c50709 _d50709 |
||